000 005930000a22001810004500
041 0 _aSPA
082 0 4 _aG 301 T582t
100 1 _aTimasheff, Nicholas S.
245 1 0 _aLa teoría sociológica : Su naturaleza y desarrollo / Nicholas S. Timasheff ; Florentino M. Torner, Traductor
260 _aBogotá, Colombia : Fondo de Cultura Económica
300 _a397 Pag
500 _aTitulo original : Sociological theory. Its nature and growth
001 9224
942 _cBK
999 _c39287
_d39287
336 _atexto
_btxt
_2rdacontent
337 _2rdamedia
_asin mediación
_bn
338 _2rdacarrier
_avolumen
_bnc